[Event "Scarborough CC-ch"]
[Site "Toronto CAN"]
[Date "2019.04.04"]
[Round "1.5"]
[White "Henderson, Fred"]
[Black "Mao, Fengxi"]
[Result "0-1"]
[WhiteElo "1842"]
[BlackElo "2098"]
[PlyCount "56"]
[EventDate "2019.04.04"]
[EventType "swiss"]
[EventRounds "8"]
[EventCountry "CAN"]

1. d4 Nf6 2. c4 e6 3. g3 d5 4. Nf3 Be7 5. Bg2 O-O 6. O-O c6 7. Qc2 b6 8. Nbd2
Bb7 9. b3 c5 10. Bb2 Nc6 11. Rfd1 Rc8 12. e3 Nb4 13. Qb1 dxc4 14. bxc4 cxd4 15.
exd4 Rc7 16. Ne5 Bxg2 17. Kxg2 Nc6 18. Ndf3 Qa8 19. Kg1 Nxe5 20. Nxe5 Nd7 21.
Nxd7 Rxd7 22. Qd3 Bf6 23. Qe3 Rfd8 24. Rd2 h6 25. Rad1 Qc8 26. Qe2 Rc7 27. Rc2
Rd6 28. Qf1 Qd8 0-1

[Event "Scarborough CC-ch"]
[Site "Toronto CAN"]
[Date "2019.04.04"]
[Round "1.6"]
[White "Zhao, Jeffrey R"]
[Black "Jacobs, Michael"]
[Result "1-0"]
[WhiteElo "2076"]
[BlackElo "1842"]
[PlyCount "73"]
[EventDate "2019.04.04"]
[EventType "swiss"]
[EventRounds "8"]
[EventCountry "CAN"]

1. e4 c6 2. d4 d5 3. exd5 cxd5 4. c4 Nf6 5. Nc3 Bf5 6. Qb3 dxc4 7. Bxc4 e6 8.
Qxb7 Nbd7 9. Nf3 Be7 10. Qb3 O-O 11. Qd1 Nb6 12. Bb3 Bg4 13. O-O Qd7 14. Bf4
Qb7 15. Re1 Bxf3 16. Qxf3 Qxf3 17. gxf3 Rad8 18. Be5 Nfd5 19. Rac1 Bg5 20. Rc2
Rc8 21. Bd6 Be7 22. Bc5 Kh8 23. Nxd5 Bxc5 24. dxc5 Nxd5 25. Bxd5 exd5 26. b4
Rc7 27. a4 g6 28. Rd1 Rb8 29. b5 Rd8 30. c6 Kg7 31. Rcd2 a6 32. Rxd5 Rb8 33.
Rd7 Rcc8 34. c7 Rb7 35. Rc1 axb5 36. axb5 Kf8 37. Rd8+ 1-0

[Event "Scarborough CC-ch"]
[Site "Toronto CAN"]
[Date "2019.04.04"]
[Round "1.7"]
[White "Gilani, Mysha"]
[Black "Lin, Benjamin"]
[Result "0-1"]
[WhiteElo "1763"]
[BlackElo "2071"]
[PlyCount "106"]
[EventDate "2019.04.04"]
[EventType "swiss"]
[EventRounds "8"]
[EventCountry "CAN"]

1. d4 d5 2. c4 c6 3. Nc3 Nf6 4. Bg5 e6 5. e3 h6 6. Bh4 Be7 7. Bd3 dxc4 8. Bxc4
b5 9. Bd3 Bb7 10. Nge2 Nbd7 11. O-O O-O 12. f3 a6 13. a4 b4 14. Ne4 Nxe4 15.
Bxe7 Qxe7 16. Bxe4 Nf6 17. Bd3 c5 18. Rc1 Rac8 19. Qd2 a5 20. dxc5 Rxc5 21.
Rxc5 Qxc5 22. Rc1 Qg5 23. Ng3 Rd8 24. Qe2 Nd5 25. f4 Qe7 26. Be4 f5 27. Bf3 Ba8
28. Nf1 Qa7 29. Kh1 Nf6 30. Bxa8 Qxa8 31. Qc4 Qe4 32. Qa6 Ra8 33. Qb6 Nd5 34.
Qb7 Rf8 35. Qa7 Rf6 36. Rc8+ Rf8 37. Rxf8+ Kxf8 38. Qxa5 Qb1 39. Qd8+ Kf7 40.
Qd7+ Ne7 41. Kg1 Qxb2 42. a5 Qa2 43. Qb5 b3 44. a6 b2 45. Nd2 Qa1+ 46. Kf2 Qc1
47. Ke2 Nd5 48. Qb7+ Kf6 49. a7 Nc3+ 50. Kd3 Ne4 51. a8=Q Qc3+ 52. Ke2 Qxd2+
53. Kf1 Qf2# 0-1

[Event "Scarborough CC-ch"]
[Site "Toronto CAN"]
[Date "2019.04.04"]
[Round "1.8"]
[White "Palacios, Bobby"]
[Black "Xie, Austin"]
[Result "1-0"]
[WhiteElo "2066"]
[BlackElo "1750"]
[PlyCount "115"]
[EventDate "2019.04.04"]
[EventType "swiss"]
[EventRounds "8"]
[EventCountry "CAN"]

1. d4 d5 2. c4 e6 3. Nc3 Nf6 4. Bf4 c6 5. e3 Nbd7 6. Nf3 Be7 7. Qc2 O-O 8. Bd3
dxc4 9. Bxc4 Nd5 10. Nxd5 exd5 11. Bd3 Nf6 12. O-O Bg4 13. Ne5 Bh5 14. Rab1 Bg6
15. Nxg6 hxg6 16. b4 a6 17. a4 Qd7 18. Rfc1 Rfc8 19. f3 b5 20. Be5 Ne8 21. a5
Bd6 22. f4 Qe7 23. Qd2 Kh7 24. Qe1 f6 25. Qh4+ Kg8 26. Bxg6 Qd7 27. Qh7+ Kf8
28. Bf5 Qf7 29. Bxc8 Rxc8 30. Qh3 Rc7 31. Bxd6+ Nxd6 32. Qh8+ Qg8 33. Qxg8+
Kxg8 34. g4 g6 35. Kg2 Nc4 36. Rc3 Re7 37. Re1 Kg7 38. Re2 Re4 39. Kf3 Re8 40.
Rd3 Rh8 41. Kg3 Re8 42. h4 Kh6 43. Kf3 Re7 44. e4 dxe4+ 45. Rxe4 Rd7 46. Re6
Nb2 47. Rc3 Rxd4 48. Rcxc6 Rxb4 49. Rxf6 Rb3+ 50. Ke2 Nc4 51. Rxg6+ Kh7 52. h5
Rb2+ 53. Kd3 Rd2+ 54. Kc3 Rd7 55. Rh6+ Kg7 56. Rcg6+ Kf8 57. Rh8+ Ke7 58. Rh7+
1-0

[Event "Scarborough CC-ch"]
[Site "Toronto CAN"]
[Date "2019.04.04"]
[Round "1.9"]
[White "Uthayakumar, Ronan"]
[Black "Hay, Jonathan"]
[Result "0-1"]
[WhiteElo "1731"]
[BlackElo "2051"]
[PlyCount "114"]
[EventDate "2019.04.04"]
[EventType "swiss"]
[EventRounds "8"]
[EventCountry "CAN"]

1. e4 c6 2. d4 d5 3. Nc3 dxe4 4. Nxe4 Bf5 5. Ng3 Bg6 6. h4 h6 7. h5 Bh7 8. Nf3
e6 9. Bd3 Bxd3 10. Qxd3 Nf6 11. Bd2 Be7 12. O-O-O O-O 13. Ne4 Nxe4 14. Qxe4 Qd5
15. Qg4 Kh8 16. Kb1 Nd7 17. Qh3 Nf6 18. g4 Ne4 19. Be3 Qb5 20. Rd3 c5 21. dxc5
Bxc5 22. Nd4 Qb6 23. f3 Ng5 24. Bxg5 Bxd4 25. Bc1 Rac8 26. g5 hxg5 27. h6 g6
28. Qg4 Bf6 29. h7 Rfd8 30. Rxd8+ Qxd8 31. Qe4 Qd5 32. Qe2 a5 33. Rd1 Qc6 34.
Rd3 Kxh7 35. f4 g4 36. Qh2+ Kg7 37. c3 Qe4 38. Qg3 Rd8 39. Kc2 Bh4 40. Qe3 Qf5
41. Qe5+ Qxe5 42. fxe5 Rxd3 43. Kxd3 g3 44. Be3 g5 45. Ke2 Kg6 46. Kf3 Kf5 47.
Bd4 g4+ 48. Kg2 Kf4 49. b4 Bd8 50. b5 Bc7 51. c4 Bxe5 52. Bb6 Ke4 53. Bxa5 Kd4
54. Be1 Kxc4 55. a4 f5 56. Bd2 f4 57. b6 f3+ 0-1

[Event "Scarborough CC-ch"]
[Site "Toronto CAN"]
[Date "2019.04.11"]
[Round "2.1"]
[White "La Manna, Andrea"]
[Black "Southam, David"]
[Result "1-0"]
[WhiteElo "2312"]
[BlackElo "2179"]
[PlyCount "67"]
[EventDate "2019.04.04"]
[EventType "swiss"]
[EventRounds "8"]
[EventCountry "CAN"]

1. d4 e6 2. c4 d5 3. Nc3 c6 4. cxd5 exd5 5. f3 Bd6 6. e4 dxe4 7. fxe4 Qh4+ 8.
Kd2 Bf4+ 9. Kc2 Bxc1 10. Rxc1 Bg4 11. Nf3 Bxf3 12. Qxf3 Nh6 13. Bd3 O-O 14.
Rcf1 Qd8 15. g4 c5 16. d5 Nd7 17. Qg3 f6 18. h4 Nf7 19. g5 fxg5 20. hxg5 Nde5
21. Qh2 h6 22. gxh6 gxh6 23. Rhg1+ Kh8 24. Rxf7 Nxf7 25. e5 c4 26. Bg6 Qe7 27.
e6 Ng5 28. Qxh6+ Nh7 29. Rh1 Rf2+ 30. Kb1 Qg7 31. Qxh7+ Qxh7 32. Rxh7+ Kg8 33.
Ne4 Rf4 34. d6 1-0

[Event "Scarborough CC-ch"]
[Site "Toronto CAN"]
[Date "2019.04.11"]
[Round "2.2"]
[White "Mao, Fengxi"]
[Black "Issani, Nameer"]
[Result "1/2-1/2"]
[WhiteElo "2098"]
[BlackElo "2262"]
[PlyCount "43"]
[EventDate "2019.04.04"]
[EventType "swiss"]
[EventRounds "8"]
[EventCountry "CAN"]

1. e4 e5 2. Nf3 Nc6 3. Bb5 a6 4. Ba4 Nf6 5. O-O b5 6. Bb3 Be7 7. d4 d6 8. dxe5
dxe5 9. Qxd8+ Bxd8 10. a4 b4 11. Be3 Be7 12. Nbd2 O-O 13. Nc4 Nxe4 14. Ncxe5
Nxe5 15. Nxe5 Bb7 16. Rad1 Bd6 17. Nc4 Rad8 18. f3 Nc5 19. Nxd6 cxd6 20. Bxc5
dxc5 21. Rfe1 g6 22. Kf2 1/2-1/2

[Event "Scarborough CC-ch"]
[Site "Toronto CAN"]
[Date "2019.04.11"]
[Round "2.3"]
[White "Pedersen, Rune"]
[Black "Palacios, Bobby"]
[Result "0-1"]
[WhiteElo "2224"]
[BlackElo "2066"]
[PlyCount "53"]
[EventDate "2019.04.04"]
[EventType "swiss"]
[EventRounds "8"]
[EventCountry "CAN"]

1. e4 e5 2. Nf3 Nf6 3. Nc3 Nc6 4. g3 Bb4 5. Bg2 O-O 6. O-O d6 7. h3 Re8 8. d3
h6 9. a3 Ba5 10. b4 Bb6 11. Be3 Bxe3 12. fxe3 a6 13. Nh4 Be6 14. Nd5 Nh7 15.
Nf5 Bxd5 16. exd5 Ne7 17. Qg4 Nxf5 18. Rxf5 Qd7 19. Raf1 Re7 20. h4 Rae8 21.
Qc4 Nf6 22. Kh2 Qb5 23. Bf3 e4 24. Qxb5 axb5 25. dxe4 Ra8 26. g4 Rxa3 27. g5
0-1

[Event "Scarborough CC-ch"]
[Site "Toronto CAN"]
[Date "2019.04.11"]
[Round "2.4"]
[White "Lin, Benjamin"]
[Black "Zhao, Jeffrey R"]
[Result "1-0"]
[WhiteElo "2071"]
[BlackElo "2076"]
[PlyCount "65"]
[EventDate "2019.04.04"]
[EventType "swiss"]
[EventRounds "8"]
[EventCountry "CAN"]

1. d4 Nf6 2. c4 g6 3. f3 Bg7 4. e4 d6 5. Nc3 O-O 6. Be3 e5 7. Nge2 c6 8. d5
cxd5 9. Nxd5 Nxd5 10. Qxd5 Nc6 11. O-O-O Be6 12. Qxd6 Qa5 13. Nc3 Rfc8 14. Qc5
Bh6 15. Kb1 Bxe3 16. Qxe3 Nd4 17. Nd5 Nc6 18. h4 b5 19. h5 Rf8 20. Nf6+ Kg7 21.
Nxh7 Rfd8 22. Rc1 Qd2 23. Qxd2 Rxd2 24. Ng5 b4 25. Nxe6+ fxe6 26. hxg6 Kxg6 27.
c5 Rad8 28. Bb5 Nd4 29. Ba6 Rd7 30. Rh8 Rc7 31. Rc8 Nb5 32. Rg8+ Kh7 33. Rg3
1-0

[Event "Scarborough CC-ch"]
[Site "Toronto CAN"]
[Date "2019.04.11"]
[Round "2.5"]
[White "Hay, Jonathan"]
[Black "Xu, Jeffrey"]
[Result "1-0"]
[WhiteElo "2051"]
[BlackElo "2268"]
[PlyCount "96"]
[EventDate "2019.04.04"]
[EventType "swiss"]
[EventRounds "8"]
[EventCountry "CAN"]

1. d4 c5 2. d5 e6 3. Nc3 d6 4. e4 a6 5. a4 Nf6 6. Nf3 Be7 7. Be2 O-O 8. O-O h6
9. Nd2 exd5 10. exd5 Nbd7 11. Nc4 Ne5 12. Nxe5 dxe5 13. Bf3 Bd6 14. g3 Rb8 15.
Ne4 Nxe4 16. Bxe4 b5 17. f4 exf4 18. Bxf4 f5 19. Bg2 bxa4 20. Qc1 Bxf4 21. Rxf4
Qb6 22. Rfxa4 Re8 23. Qd2 Qxb2 24. Bf1 Bd7 25. Rxa6 f4 26. R6a2 Qb6 27. Ra6 Qb2
28. R6a2 Qb6 29. Ra6 Qb4 30. Qxf4 Re4 31. Qxb8+ Qxb8 32. Ra8 Qxa8 33. Rxa8+ Kf7
34. Ra7 Ke8 35. Rc7 Rd4 36. Rxc5 Rd1 37. Kf2 Rd2+ 38. Ke3 Rxh2 39. d6 Kf7 40.
Bc4+ Kf6 41. Bb3 Bg4 42. Rc4 Bd7 43. Rc7 Bg4 44. Rf7+ Kg6 45. d7 Bxd7 46. Rxd7
Kf6 47. Rf7+ Kg6 48. Rf2 Rh5 1-0

[Event "Scarborough CC-ch"]
[Site "Toronto CAN"]
[Date "2019.04.11"]
[Round "2.6"]
[White "Gao, Raymond"]
[Black "Mendoza, Armand Jess"]
[Result "1-0"]
[WhiteElo "1833"]
[BlackElo "2005"]
[Annotator ",Microsoft"]
[PlyCount "70"]
[EventDate "2019.04.04"]
[EventType "swiss"]
[EventRounds "8"]
[EventCountry "CAN"]

1. e4 Nc6 2. Nf3 e5 3. d4 exd4 4. Bc4 Bb4+ 5. c3 dxc3 6. O-O Be7 7. Nxc3 d6 8.
Qe2 Bg4 9. Rd1 Ne5 10. Bd5 c6 11. Bb3 Nxf3+ 12. gxf3 Be6 13. Bc2 Qa5 14. f4
O-O-O 15. Rb1 Bxa2 16. Ra1 Bc4 17. Rxa5 Bxe2 18. Nxe2 a6 19. Ng3 Nf6 20. Nf5
Bf8 21. Kg2 g6 22. Ne3 Nh5 23. Kf3 Bg7 24. Rd3 Rhe8 25. Nc4 Kc7 26. Be3 c5 27.
b4 b5 28. Nd2 Kb7 29. bxc5 dxc5 30. Bxc5 Rc8 31. Nb3 Rc7 32. Rd6 Bf8 33. Rb6+
Kc8 34. Bxf8 Rxc2 35. Bc5 Rc4 {etc. 1-0 in 47 moves.} 1-0

[Event "Scarborough CC-ch"]
[Site "Toronto CAN"]
[Date "2019.04.11"]
[Round "2.7"]
[White "Tavana, Joseph"]
[Black "Laughlin, Steve"]
[Result "1/2-1/2"]
[WhiteElo "1814"]
[BlackElo "1974"]
[PlyCount "115"]
[EventDate "2019.04.04"]
[EventType "swiss"]
[EventRounds "8"]
[EventCountry "CAN"]

1. c4 Nf6 2. g3 g6 3. Bg2 Bg7 4. Nc3 O-O 5. d3 d6 6. Nf3 c6 7. O-O Nbd7 8. Bd2
h6 9. Rb1 e5 10. b4 Qe8 11. Nh4 Nb6 12. a4 g5 13. Nf3 e4 14. Ne1 exd3 15. exd3
Bg4 16. Qb3 Nbd7 17. b5 Nc5 18. Qc2 Bf5 19. Ne4 Nfxe4 20. dxe4 Bh7 21. Be3 Ne6
22. Rd1 c5 23. Qd2 Rd8 24. Nc2 Qe7 25. f4 gxf4 26. gxf4 f5 27. exf5 Bxf5 28.
Rde1 Qf6 29. Rc1 Kh8 30. Kh1 Qg6 31. Bxb7 Be4+ 32. Bxe4 Qxe4+ 33. Qg2 Qxc4 34.
Nd4 Qxc1 35. Rxc1 cxd4 36. Bd2 Nxf4 37. Bxf4 Rxf4 38. Rc7 Rg8 39. Qe2 d5 40.
Qd3 Re4 41. Rc1 Be5 42. Rg1 Re8 43. Qd2 Bf4 44. Qd3 Re2 45. Qxd4+ Be5 46. Qh4
Rxh2+ 47. Qxh2 Bxh2 48. Kxh2 Rd8 49. a5 Rb8 50. Rb1 Kg7 51. Kg3 Kf6 52. Kf4 Ke6
53. b6 axb6 54. Rxb6+ Rxb6 55. axb6 Kd6 56. b7 Kc7 57. Ke5 h5 58. Kxd5 1/2-1/2

[Event "Scarborough CC-ch"]
[Site "Toronto CAN"]
[Date "2019.04.11"]
[Round "2.8"]
[White "De Costa, Alex"]
[Black "Zheng, Kevin"]
[Result "1-0"]
[WhiteElo "1787"]
[BlackElo "1908"]
[PlyCount "99"]
[EventDate "2019.04.04"]
[EventType "swiss"]
[EventRounds "8"]
[EventCountry "CAN"]

1. e4 c5 2. Nf3 Nc6 3. Bb5 g6 4. O-O Bg7 5. c3 e5 6. Na3 Nge7 7. Nc2 Qb6 8. a4
a6 9. Be2 d5 10. d3 O-O 11. Ne3 Rd8 12. Qc2 dxe4 13. dxe4 Be6 14. Nc4 Bxc4 15.
Bxc4 Na5 16. Be2 c4 17. Be3 Qc6 18. Nd2 b5 19. b4 Nb7 20. a5 Rd7 21. Rfd1 Rf8
22. Nf1 Nd6 23. Bc5 Nec8 24. Ne3 h5 25. Bf3 Rfd8 26. Nd5 Nb7 27. Be3 Qe6 28.
Rd2 f5 29. Bg5 Rf8 30. Rad1 Nbd6 31. Be3 Rff7 32. exf5 Qxf5 33. Qxf5 Rxf5 34.
Nb6 Rc7 35. Rxd6 Nxd6 36. Rxd6 Rf6 37. Bd5+ Kh7 38. Rd8 Rf8 39. Bg5 Bh6 40.
Rxf8 Bxf8 41. Be4 Kg7 42. Kf1 Kf7 43. Ke2 Ke6 44. Bd8 Rg7 45. Na8 Rd7 46. Bb6
Bh6 47. Nc7+ Kf7 48. Nxa6 Bd2 49. Nc5 Rd6 50. Bc7 1-0

[Event "Scarborough CC-ch"]
[Site "Toronto CAN"]
[Date "2019.04.11"]
[Round "2.9"]
[White "Leblanc, Miguel"]
[Black "Huang, Youhe"]
[Result "0-1"]
[WhiteElo "1931"]
[BlackElo "1982"]
[PlyCount "69"]
[EventDate "2019.04.04"]
[EventType "swiss"]
[EventRounds "8"]
[EventCountry "CAN"]

1. e4 Nf6 2. e5 Nd5 3. d4 d6 4. c4 Nb6 5. exd6 cxd6 6. Nc3 g6 7. g3 Bg7 8. Bg2
O-O 9. b3 Nc6 10. Be3 e5 11. dxe5 Nxe5 12. Rc1 Bf5 13. Be4 Nexc4 14. Bxb6 Nxb6
15. Bxf5 gxf5 16. Qf3 Re8+ 17. Nge2 Rc8 18. O-O Qd7 19. Rfd1 Rc5 20. Nd5 Rxd5
21. Nf4 Rxd1+ 22. Rxd1 Qc6 23. Qh5 Qc5 24. Qg5 h6 25. Qh4 Nd7 26. Rd5 Qc6 27.
h3 Re1+ 28. Kh2 Nf6 29. Nd3 Rh1+ 30. Kxh1 Qxd5+ 31. Kg1 Qxd3 32. Qb4 Nd5 33.
Qxb7 Bd4 34. Qc8+ Kg7 35. Qxf5 0-1

[Event "Scarborough CC-ch"]
[Site "Toronto CAN"]
[Date "2019.04.11"]
[Round "2.10"]
[White "Xie, Austin"]
[Black "Noor Ali, Aahil"]
[Result "0-1"]
[WhiteElo "1750"]
[BlackElo "2019"]
[PlyCount "38"]
[EventDate "2019.04.04"]
[EventType "swiss"]
[EventRounds "8"]
[EventCountry "CAN"]

1. e4 e5 2. Nf3 Nc6 3. Bc4 Bc5 4. c3 Nf6 5. d3 d6 6. O-O Bb6 7. Nbd2 O-O 8. h3
Ne7 9. Re1 Ng6 10. Nf1 c6 11. Ng3 h6 12. Bb3 Qc7 13. d4 Rd8 14. Be3 Re8 15. Qd3
Be6 16. Rad1 Rad8 17. Qc2 Qc8 18. Kh2 Bc7 19. Nf5 d5 0-1

[Event "Scarborough CC-ch"]
[Site "Toronto CAN"]
[Date "2019.04.11"]
[Round "2.11"]
[White "Lawless, David"]
[Black "Henderson, Fred"]
[Result "1-0"]
[WhiteElo "1997"]
[BlackElo "1842"]
[PlyCount "107"]
[EventDate "2019.04.04"]
[EventType "swiss"]
[EventRounds "8"]
[EventCountry "CAN"]

1. d4 Nf6 2. c4 e6 3. Nc3 d5 4. Bg5 Be7 5. e3 Nbd7 6. Nf3 h6 7. Bh4 O-O 8. Bd3
c5 9. O-O b6 10. cxd5 Nxd5 11. Bxe7 Nxe7 12. Rc1 Bb7 13. Qe2 cxd4 14. Nxd4 Nf6
15. Rfd1 Ned5 16. Bb1 Qe7 17. Ne4 Rac8 18. h3 Rfd8 19. a3 Nxe4 20. Bxe4 Nc3 21.
Rxc3 Bxe4 22. Rdc1 Qd7 23. f3 Bb7 24. Kf2 Rxc3 25. Rxc3 e5 26. Nb3 Rc8 27. Qc2
Rxc3 28. Qxc3 f6 29. Nc1 Qc6 30. Qxc6 Bxc6 31. Ne2 Kf7 32. g3 Ke6 33. Nc3 Kd6
34. b4 a5 35. f4 exf4 36. exf4 Bd7 37. h4 Bc6 38. Ke3 axb4 39. axb4 Bb7 40. Kd4
Bc6 41. Kc4 h5 42. Ne2 b5+ 43. Kd4 Bd5 44. Nc3 Bc4 45. Ne4+ Ke6 46. Nd2 Bd5 47.
Nf1 Kd6 48. Ne3 Be6 49. Ke4 g6 50. f5 Bf7 51. Kf4 Be8 52. fxg6 Bxg6 53. Nf5+
Kd5 54. Ne7+ 1-0

[Event "Scarborough CC-ch"]
[Site "Toronto CAN"]
[Date "2019.04.18"]
[Round "3.1"]
[White "Hay, Jonathan"]
[Black "La Manna, Andrea"]
[Result "1-0"]
[WhiteElo "2051"]
[BlackElo "2312"]
[PlyCount "105"]
[EventDate "2019.04.04"]
[EventType "swiss"]
[EventRounds "8"]
[EventCountry "CAN"]

1. d4 d6 2. Bf4 f5 3. Nc3 Nf6 4. e4 fxe4 5. f3 d5 6. fxe4 dxe4 7. Bc4 Bf5 8.
Nge2 e6 9. h3 Nd5 10. O-O Nc6 11. Bxd5 exd5 12. Nb5 Rc8 13. Nxc7+ Rxc7 14. Bxc7
Qd7 15. Bh2 Be7 16. Ng3 Bg6 17. c3 h5 18. Qd2 Nd8 19. Ne2 Nf7 20. Rf2 Bf5 21.
Qf4 g6 22. Qc7 Qb5 23. Raf1 e3 24. Rxf5 gxf5 25. Nf4 Qc6 26. Qb8+ Bd8 27. Qxa7
Kd7 28. Nd3 Bb6 29. Qa3 e2 30. Re1 Re8 31. Qb3 Re3 32. Nb4 Qc4 33. Nxd5 Qxb3
34. axb3 Re6 35. Nf4 Rh6 36. Rxe2 Ng5 37. Re5 Ne4 38. Rxf5 h4 39. Nd3 Rh8 40.
Ne5+ Ke6 41. Rf7 Ra8 42. Kf1 Ra1+ 43. Ke2 Nd6 44. Rf1 Ra2 45. Rb1 Ra8 46. Kd3
Nf5 47. Re1 Bd8 48. Nc6+ Kf6 49. Nxd8 Rxd8 50. Re4 Re8 51. Be5+ Ke6 52. Rg4 Ra8
53. Ke4 1-0

[Event "Scarborough CC-ch"]
[Site "Toronto CAN"]
[Date "2019.04.18"]
[Round "3.2"]
[White "Issani, Nameer"]
[Black "Lin, Benjamin"]
[Result "1-0"]
[WhiteElo "2262"]
[BlackElo "2071"]
[PlyCount "97"]
[EventDate "2019.04.04"]
[EventType "swiss"]
[EventRounds "8"]
[EventCountry "CAN"]

1. d4 d5 2. c4 c6 3. Nf3 Nf6 4. e3 e6 5. Nc3 Nbd7 6. Be2 dxc4 7. Bxc4 b5 8. Be2
Bd6 9. O-O O-O 10. Qc2 Bb7 11. Rd1 Qe7 12. e4 e5 13. Bg5 h6 14. Bh4 b4 15. Na4
exd4 16. Nxd4 Qxe4 17. Qxe4 Nxe4 18. Nf5 Ndc5 19. Nxd6 Nxa4 20. Nxe4 Rae8 21.
Bf3 c5 22. Nd6 Bxf3 23. gxf3 Re2 24. b3 Nc3 25. Re1 Rxa2 26. Rxa2 Nxa2 27. Be7
Ra8 28. Nc4 Re8 29. Kf1 Nc1 30. Rxc1 Rxe7 31. Ne3 Re5 32. Ra1 Re7 33. Ra5 Rc7
34. Ke2 f5 35. Nd5 Rd7 36. Rxc5 Kf7 37. Rc7 Rxc7 38. Nxc7 Kf6 39. f4 g5 40.
Nd5+ Ke6 41. fxg5 hxg5 42. Nxb4 Kd6 43. f4 g4 44. Kd3 a5 45. Nc2 Kc5 46. Nd4
Kb4 47. Nc6+ Kb5 48. Nxa5 Kxa5 49. Kd4 1-0

[Event "Scarborough CC-ch"]
[Site "Toronto CAN"]
[Date "2019.04.18"]
[Round "3.3"]
[White "Liu, Harry"]
[Black "Gao, Raymond"]
[Result "0-1"]
[WhiteElo "1721"]
[BlackElo "1833"]
[PlyCount "50"]
[EventDate "2019.04.04"]
[EventType "swiss"]
[EventRounds "8"]
[EventCountry "CAN"]

1. d4 Nf6 2. Bf4 g6 3. Nc3 d5 4. e3 Bg7 5. Bd3 O-O 6. h4 a6 7. f3 c5 8. dxc5
Nc6 9. e4 Qa5 10. Qd2 Qxc5 11. exd5 Nxd5 12. Nxd5 Qxd5 13. Bh6 Qe5+ 14. Ne2
Qxb2 15. Rd1 Rd8 16. Bxg7 Qxg7 17. Qe3 Be6 18. h5 Nb4 19. hxg6 hxg6 20. Nf4
Rxd3 21. Qe2 Re3 22. Qxe3 Nxc2+ 23. Ke2 Nxe3 24. Kxe3 Qe5+ 25. Kf2 Qxf4 0-1

[Event "Scarborough CC-ch"]
[Site "Toronto CAN"]
[Date "2019.04.18"]
[Round "3.4"]
[White "Southam, David"]
[Black "Mao, Fengxi"]
[Result "1-0"]
[WhiteElo "2179"]
[BlackElo "2098"]
[PlyCount "125"]
[EventDate "2019.04.04"]
[EventType "swiss"]
[EventRounds "8"]
[EventCountry "CAN"]

1. d4 Nf6 2. c4 e6 3. Nc3 c5 4. d5 exd5 5. cxd5 d6 6. e4 g6 7. h3 Bg7 8. Nf3
O-O 9. Bd3 a6 10. a4 Nh5 11. O-O Nd7 12. Bg5 Bf6 13. Bh6 Re8 14. Qd2 Ne5 15.
Be2 Kh8 16. Rfe1 Nxf3+ 17. Bxf3 Be5 18. Bg5 f6 19. Be3 Ng7 20. Bf4 f5 21. exf5
Bxf4 22. Rxe8+ Qxe8 23. Qxf4 Nxf5 24. Bg4 Qe7 25. Ne4 Nd4 26. Qxd6 Qxd6 27.
Nxd6 Bxg4 28. hxg4 b6 29. Ne4 Rd8 30. d6 a5 31. f3 Kg7 32. Kf2 h6 33. Rh1 Ne6
34. Ke3 Ng5 35. Rd1 Ne6 36. Rh1 Ng5 37. Nxg5 hxg5 38. Rd1 Kf6 39. Ke4 Ke6 40.
d7 Rxd7 41. Rxd7 Kxd7 42. Kd5 Kc7 43. b3 Kd7 44. g3 Kc7 45. f4 gxf4 46. gxf4
Kd7 47. Kc4 Kc6 48. f5 gxf5 49. gxf5 Kd6 50. Kb5 Ke5 51. Kxb6 Kxf5 52. Kxc5 Ke5
53. Kb5 Kd6 54. Kxa5 Kc7 55. Kb5 Kb7 56. b4 Ka8 57. Kc6 Kb8 58. b5 Kc8 59. b6
Kb8 60. b7 Ka7 61. Kc7 Ka6 62. b8=Q Ka5 63. Qb5# 1-0

[Event "Scarborough CC-ch"]
[Site "Toronto CAN"]
[Date "2019.04.18"]
[Round "3.5"]
[White "Huang, Youhe"]
[Black "Tavana, Joseph"]
[Result "1-0"]
[WhiteElo "1982"]
[BlackElo "1814"]
[PlyCount "77"]
[EventDate "2019.04.04"]
[EventType "swiss"]
[EventRounds "8"]
[EventCountry "CAN"]

1. d4 d5 2. Nc3 Nf6 3. Bf4 c6 4. e3 Bg4 5. f3 Bf5 6. g4 Bg6 7. h4 h6 8. Bd3
Bxd3 9. Qxd3 Nbd7 10. Nge2 g6 11. Kf2 Bg7 12. Ng3 Nh7 13. h5 g5 14. Nf5 gxf4
15. Nxg7+ Kf8 16. Nf5 fxe3+ 17. Qxe3 Ng5 18. Nxh6 e6 19. f4 Qf6 20. Kg2 Qxh6
21. fxg5 Qg7 22. Raf1 Ke7 23. Ne2 Rag8 24. g6 fxg6 25. h6 Qh7 26. Nf4 Nf8 27.
Qa3+ Ke8 28. Qxa7 g5 29. Qb8+ Kd7 30. Qxb7+ Kd6 31. Qxh7 Rxh7 32. Nd3 Ng6 33.
Rf6 Nh4+ 34. Kg3 Rgh8 35. Ne5 Ke7 36. Rhf1 Rxh6 37. Rf7+ Ke8 38. Rc7 Ng6 39.
Rc8+ 1-0

[Event "Scarborough CC-ch"]
[Site "Toronto CAN"]
[Date "2019.04.18"]
[Round "3.6"]
[White "Noor Ali, Aahil"]
[Black "Gilani, Mysha"]
[Result "1-0"]
[WhiteElo "2019"]
[BlackElo "1763"]
[PlyCount "149"]
[EventDate "2019.04.04"]
[EventType "swiss"]
[EventRounds "8"]
[EventCountry "CAN"]

1. d4 Nf6 2. c4 e6 3. Nc3 d5 4. cxd5 exd5 5. Bg5 Nbd7 6. e3 Be7 7. Bd3 h6 8.
Bh4 O-O 9. Nge2 b6 10. O-O Bb7 11. f3 c5 12. Bf2 Rc8 13. Ng3 cxd4 14. exd4 Bb4
15. Nce2 Re8 16. Nf5 Nf8 17. Bb5 Bc6 18. Ba6 Rb8 19. Bg3 Ra8 20. a3 Be7 21. Rc1
Qd7 22. Qc2 Bb7 23. Bxb7 Qxb7 24. Bd6 Ng6 25. Bxe7 Nxe7 26. Nd6 Qd7 27. Nxe8
Rxe8 28. Rfe1 Nf5 29. Qd2 Ne3 30. b3 Qb5 31. Nc3 Qxb3 32. Rxe3 Rxe3 33. Qxe3
Qxa3 34. Nxd5 Qxe3+ 35. Nxe3 a5 36. d5 Kf8 37. Nf5 Ke8 38. Re1+ Kd7 39. d6 g6
40. Re7+ Kc6 41. Ne3 Kxd6 42. Rxf7 Nd7 43. Nc4+ Kc6 44. Rg7 Nf8 45. Rg8 Nd7 46.
Rg7 a4 47. Rxd7 Kxd7 48. Nxb6+ Ke6 49. Nxa4 Kf5 50. h4 h5 51. Kf2 g5 52. Ke3
gxh4 53. Nb6 Kg5 54. Kf2 Kf4 55. Nd5+ Ke5 56. Nc3 Kf4 57. Ne2+ Kf5 58. Ng1 Kf4
59. Nh3+ Kf5 60. Ke3 Ke5 61. f4+ Kf5 62. Kf3 Kf6 63. Ke4 Ke6 64. f5+ Kf6 65.
Kf4 Kf7 66. Kg5 Kf8 67. Nf4 h3 68. gxh3 h4 69. f6 Kf7 70. Kf5 Kf8 71. Ke6 Kg8
72. f7+ Kh7 73. Kf6 Kh8 74. f8=Q+ Kh7 75. Qg7# 1-0

[Event "Scarborough CC-ch"]
[Site "Toronto CAN"]
[Date "2019.04.18"]
[Round "3.7"]
[White "Manalo, Pepin"]
[Black "Lawless, David"]
[Result "0-1"]
[WhiteElo "1995"]
[BlackElo "1997"]
[PlyCount "66"]
[EventDate "2019.04.04"]
[EventType "swiss"]
[EventRounds "8"]
[EventCountry "CAN"]

1. d4 Nf6 2. Nf3 g6 3. e3 Bg7 4. Bd3 O-O 5. e4 d6 6. b3 c5 7. Bb2 cxd4 8. Nxd4
d5 9. e5 Ng4 10. Nf3 Nc6 11. Qe2 d4 12. Nbd2 Ngxe5 13. Nxe5 Nxe5 14. O-O Nxd3
15. cxd3 e5 16. Rfe1 b5 17. Ba3 Re8 18. Bc5 Qd5 19. b4 Bb7 20. f3 a5 21. a3
axb4 22. axb4 Ra2 23. Rxa2 Qxa2 24. f4 Qd5 25. Nf3 e4 26. dxe4 Qb3 27. Qxb5 Rd8
28. Qxb7 d3 29. Be3 Bc3 30. Bd2 Bxd2 31. Nxd2 Qc2 32. Qb6 Ra8 33. Qc5 Qxd2 0-1

[Event "Scarborough CC-ch"]
[Site "Toronto CAN"]
[Date "2019.04.18"]
[Round "3.8"]
[White "Mendoza, Armand Jess"]
[Black "Zheng, Kevin"]
[Result "0-1"]
[WhiteElo "2005"]
[BlackElo "1908"]
[PlyCount "90"]
[EventDate "2019.04.04"]
[EventType "swiss"]
[EventRounds "8"]
[EventCountry "CAN"]

1. e4 c5 2. Nf3 Nc6 3. c3 Nf6 4. d3 g6 5. g3 Bg7 6. Bg2 d6 7. Nbd2 O-O 8. O-O
Qc7 9. d4 cxd4 10. Nxd4 Bd7 11. N2b3 a6 12. Nxc6 bxc6 13. Bg5 Rab8 14. Qd2 a5
15. Rab1 Be6 16. Nc1 Rb5 17. Bh6 Bxh6 18. Qxh6 Rfb8 19. b3 c5 20. Re1 c4 21.
Bf1 R5b6 22. Qg5 cxb3 23. Qxa5 bxa2 24. Ra1 Qc6 25. Bg2 Ra6 26. e5 Qc4 27. Bf1
Rxa5 28. Bxc4 Bxc4 29. exf6 exf6 30. Ne2 Rb1 31. Kf1 Bxe2+ 32. Kxe2 Re5+ 33.
Kf3 Rexe1 34. Rxa2 Rbc1 35. Ra8+ Kg7 36. Rc8 Rc2 37. c4 d5 38. c5 Rec1 39. Rd8
Rxc5 40. Kg4 d4 41. f4 Rd1 42. f5 Rxf5 43. h4 h5+ 44. Kh3 Rf2 45. g4 Rd3# 0-1